000 00644nam a2200217 i 4500
001 8833
003 ES-MaACL
005 20230906145536.0
007 t|
008 921005s1985 xxk |||| | eng d
020 _a0-907582-39-7
080 _a301.188.1
100 1 _aKaelble, Hartmut.
_967393
245 1 0 _aSocial mobility in the 19th and 20th centuries
_b: Europe and America comparative perspective /
_cHartmut Kaelble.
260 _aLeamington Spa :
_bBerg,
_c[1985]
300 _a183 p. ;
_c22 cm.
500 _aÍndices.
504 _aBibliografía: p. 165-179.
650 4 _aMovilidad social.
_915205
852 _aES-MaACL
_jL-16069
999 _c8833
_d8833